00662nam a2200217 a 450000100060000000300080000600500170001400800410003103500190007204000360009104100080012708200240013510000190015924500500017826000440022830000340027250400500030665000150035665000230037183000500039468580BD-RjUL20211209081804.0170403s1964 enka b 001 0 eng d a(BD-RjUL)68790 aDLC/ICUcICUdDLCdBD-RjULbeng aeng00223a638.2bTAG 19641 aTazima, Yataro14aThe genetics of the silkworm /cYataro Tazima aLondon :aEnglewood Cliffs, N.J.,c1964 axii, 253 p. :bill. ;c23 cm. aIncludes bibliographical references and index 0aSilkworms. 0aInsectsxGenetics. aScientific monographs on experimental biology